000 00449nam a22001817a 4500
003 NUST - PNEC
005 20170116181055.0
008 150930b xxu||||| |||| 00| 0 eng d
020 _a1858052165
040 _cLIBRARY
082 _a650.01513 LUC
100 _912053
_a Lucey, T.
245 _aQuantitative techniques
_cT. Lucey
250 _a5th ed.
260 _c1996
650 _94649
_aMathematical statistics
_xME / MIS
942 _2ddc
_cBK
999 _c68540
_d68540